000 01167nam a2200337 a 4500
001
003 DO-SdBNP
005 20220317121330.0
007
008 090819s2008 mx a 000 0 spa d
020 _a9789702218333
040 _aBPMSU
_bspa
_cBPMSU
082 _a813.5
_bA613j 2008
_222
100 1 _aAnn Marsoli, Lisa
245 1 3 _aEl jorobado de Notre Dame :
_b el héroe oculto /
_c Lisa ann Marsoli ;ilustrado Dean Klieven, Phil Ortiz, y Adam Devaney Nancy Casolaro ; ilustrado por traducción Beatriz Stellino
246 1 3 _a Padres e hijos comparten y aprenden
260 _aMéxico :
_bEdiciones Larousse,
_c2008
300 _a40 p. :
_bils.,;
_c27 cm.
490 0 _aMi primera biblioteca familiar bilingüe
534 _aTexto en español e inglés
590 _6Inventariado, 2022/VM
650 4 _aCuentos infantiles estadounidenses.
650 4 _aLiteratura infantil estadounidenses
_v
700 1 _aCasolaro, Nancy
700 1 _aKlieven, Dean
_eilustración
700 1 _a Ortiz, Phil
_eilustración
700 1 _aStellino, Beatriz
_etraductor
710 2 _aWalt Disney
910 _aVMateo V.
942 _2ddc
_cBK
999 _c14090
_d14090